000 00285 a2200133 4500
001 60227
082 _a621.75 CHA
090 _c36967
_d36967
100 _aChapman W.A .j
245 _aWorkshol Technology P-II
250 _a4 th
260 _bEdward Arnold
_c1985
300 _a409
942 _acaenust
_k621.75 CHA
999 _c295300
_d295300